00513cam a2200157 4500001001100000008004100011035001500052050002400067100003100091245007800122260003400200300001100234440006500245440001900310650002600329BCSN002735 1939 spa  aBCSN002735 4aPQ6401b.A1 L5 19391 aJuan Manuel, don (Infante) 0aLibro de los ejemplos del Conde Lucanor y de Patronio /cdon Juan Manuel. aBuenos Aires :bLosada,c1939 a283 p. 4aLas cien obras maestras de la literatura y del pensamiento - 0a universal ; 9 4aLiteratura española